000 01847nam a2200349 i 4500
001 193537
003 ES-MaACL
005 20251012184110.0
007 ta
008 240105s2023 sp ||||| |||| 00| 0 spa d
020 _a 9788436847994
040 _aES-MaACL
_cES-MaACL
100 0 _973777
_aLópez Méndez, Ernesto
_eaut
245 _aManual ilustrado de habilidades de comunicación :
_bguía clínica para profesionales de la salud /
_cErnesto López Méndez, Pilar Llorente Domingo, Miugel Costa Cabanillas ; ilustrado por Julia Sepúlveda Llorente.
264 1 _aMadrid :
_bEdiciones Pirámide
_c2023.
300 _a427 páginas
_c23 cm
490 _aColección Psicología. Manuales prácticos
520 _aSon muchas las personas que acuden cada día a los servicios de salud con el deseo y la esperanza de ser escuchadas y comprendidas. Se encuentran allí con profesionales de la medicina, la enfermería, la psicología, la fisioterapia y de otras disciplinas, dispuestos a escuchar y comprender sus demandas, a ofrecerles diálogo, motivación y cuidado y a promover la solución y el alivio que buscan.
650 7 _aPsicología social
_2embne
_916573
650 4 _911187
_aComunicación
700 _aLlorente Domingo, Pilar
_9234841
700 1 _aCosta Cabanillas, Miguel
_eaut
_941071
700 1 _aSepúlveda Llorente, Julia
_9234993
852 _aES-MaACL
_bR.154819
_cDEPOJ
_hDonación: Ernesto López Méndez
_xEncuadernación rústica
_jN-9654
_9201145
903 _973777
_aLópez Méndez, Ernesto
_ednr
942 _n0
_cMONOGRAFIA
999 _c193537
_d193537